K podnikateli na dohodu? Pracovní právo.

Zamestnanci nemusia u podnikateľa pracovať len v hlavnom pracovnom pomere. Môžu s ním uzatvoriť i vedľajší pracovný pomer. Charakteristika dohody o pracovnej činnosti a dohody o vykonaní práce.

Salvato in:
Dettagli Bibliografici
Autore principale: Jouza, L.
Natura: Capitolo di libro
Lingua:ceco
Soggetti:
Tags: Aggiungi Tag
Nessun Tag, puoi essere il primo ad aggiungerne!!

MARC

LEADER 00000naa a2200000 4500
001 r008610
005 20220831083730.7
041 0 |a cze 
044 |a [CS] 
245 1 0 |a K podnikateli na dohodu?  |b Pracovní právo.  |c L. Jouza 
520 |a Zamestnanci nemusia u podnikateľa pracovať len v hlavnom pracovnom pomere. Môžu s ním uzatvoriť i vedľajší pracovný pomer. Charakteristika dohody o pracovnej činnosti a dohody o vykonaní práce. 
610 2 0 |a zamestnanci 
610 2 0 |a zamestnávatelia 
610 2 0 |a podnikatelia 
610 2 0 |a pomer pracovný vedľajší 
610 2 0 |a dohody pracovné 
610 2 0 |a právo pracovné 
100 1 |a Jouza, L.